| 000 | 00678nam a22002057a 4500 | ||
|---|---|---|---|
| 003 | PILC | ||
| 005 | 20150514110607.0 | ||
| 008 | 150514b xxu||||| |||| 00| 0 eng d | ||
| 020 | _a971881616x | ||
| 050 |
_aBS 551.2 _b.IG24 1996 |
||
| 100 | _aIglesia, Yolanda. | ||
| 245 |
_aThe promise : _ban introduction to the old testament / _cYolanda Iglesias, Salvatore Putzu. |
||
| 260 |
_aMakati City, Philippines : _bWord & Life Publications, _c1996. |
||
| 300 |
_avi, 278 pages : _billustrations ; _c25 cm. |
||
| 500 | _aIncludes bibliography references. | ||
| 650 | _aBible stories. | ||
| 650 | _aBible stories, English. | ||
| 700 | _aPutzu, Salvatore. | ||
| 942 |
_2lcc _cBK _kFIL |
||
| 999 |
_c283981 _d283981 |
||